Γαμήλιες πρακτικές και στρατηγικές νεαρών ελληνοποντίων γυναικών από την πρώην Σοβιετική Ένωση : διπλωματική εργασία
Saved in:
| Main Author: | |
|---|---|
| Corporate Author: | |
| Other Authors: | |
| Format: | Thesis Book |
| Language: | Greek |
| Published: |
2010
|
| Subjects: | |
| Online Access: | http://hdl.handle.net/11610/14510 |
| Tags: |
Add Tag
No Tags, Be the first to tag this record!
|
MARC
| LEADER | 00000cam a2200000 i 4500 | ||
|---|---|---|---|
| 001 | 1/15198 | ||
| 008 | 110928s2011 gre d | ||
| 035 | |l 10110880 | ||
| 040 | |a GR-MY-UA |b gre |e aacr | ||
| 041 | 0 | |a gre | |
| 082 | 0 | |a 392.5 |2 (22) | |
| 100 | 1 | |a Λέτσιου, Στυλιανή. | |
| 245 | 1 | 0 | |a Γαμήλιες πρακτικές και στρατηγικές νεαρών ελληνοποντίων γυναικών από την πρώην Σοβιετική Ένωση : |b διπλωματική εργασία / |c Στυλιανού Λέτσιου ; επιβλέπουσα καθηγήτρια: Βενετία Καντσά |
| 260 | |c 2010 | ||
| 300 | |a 145 σ.; |c 30 εκ. | ||
| 500 | |a Βιβλιογραφία: σ. 123-145 | ||
| 502 | |a Διατριβή (μεταπτυχιακή) – Πανεπιστήμιο Αιγαίου, Λέσβος, 2010. | ||
| 650 | 0 | 0 | |a Marriage customs and rites |z Greece. |
| 650 | 0 | 0 | |a Women immigrants |z Greece |x Social life and customs. |
| 650 | 0 | 0 | |a Rites and ceremonies |x Social aspects. |
| 650 | 0 | 0 | |a Dissertations, Academic |z Greece. |
| 700 | 1 | |4 ths |a Καντσά, Βενετία. | |
| 710 | 2 | |a Πανεπιστήμιο Αιγαίου. |b Σχολή Κοινωνικών Επιστημών. |b Τμήμα Κοινωνικής Ανθρωπολογίας και Ιστορίας. |b Πρόγραμμα Μεταπτυχιακών Σπουδών Κοινωνική και Ιστορική Ανθρωπολογία. | |
| 852 | |a INST |b LESVOS |c DIATR |e 20110928 |h 179 |p 005100051506 |q 005100051506 |t MTXE |y 23 | ||
| 852 | |a INST |b LESVOS |c DIATR |e 20110928 |h 180 |p 005100051507 |q 005100051507 |t MTXE |y 23 | ||
| 856 | |u http://hdl.handle.net/11610/14510 | ||
| 901 | |a BIBL1-2011-3 | ||
| 909 | |a Λ |b 171637 | ||
| 909 | |a Λ |b 171638 | ||
| 924 | |a ΛΕΤΣΙΟΥ |b ΣΤΥΛΙΑΝΗ |y ΛΕΣΒΟΣ |z 2010-12 | ||
| 970 | |a ΤΖΑΦΕΡΗ |b ΕΥΑΓΓΕΛΙΑ |z 2011/09/25 | ||